Theorie plastičnosti : učební pomůcka studujícím vysokých škol techn. a výrobním techn. kádrům /

Hlavní autor: Sokolovskij, Vladislav Vladislav‘jevič
Korporativní autor: Vojenská technická akademie
Jazyk: Čeština
Vydáno: Praha : Technicko-vědecké vydavatelství, 1952
Edice: VTA
Externí odkaz: Digitalizovaný dokument
Fyzický popis: [10], 269 s. : il. ; 8°
Knihy
Uloženo v:
LEADER 01568nam a22003612a 4500
001 001750801
003 CZ BrMZK
005 20230510080358.0
007 ta
008 200526s1952 xr a er|||||||||||cze d
015 |a cnb000508033 
035 |a (OCoLC)85313036 
040 |a ABA001  |b cze  |c OLA001  |d ABA001  |d BOA001 
041 1 |a cze  |h rus 
100 1 |a Sokolovskij, Vladislav Vladislav‘jevič  |4 aut 
245 1 0 |a Theorie plastičnosti :  |b učební pomůcka studujícím vysokých škol techn. a výrobním techn. kádrům /  |c V.V. Sokolovskij ; z ruského originálu ... přeložili Miroslav Brdička a Václav Votruba 
260 |a Praha :  |b Technicko-vědecké vydavatelství,  |c 1952 
300 |a [10], 269 s. :  |b il. ;  |c 8° 
490 1 |a VTA ;  |v sv. 10 
500 |a V tiráži vročení 1953 
500 |a 4400 výt. 
504 |a Obsahuje bibliografii a bibliografické odkazy 
550 |a Vydavatel: Vojenská technická akademie 
710 2 |a Vojenská technická akademie  |7 kn20010709136 
830 0 |a VTA 
856 4 1 |u http://www.digitalniknihovna.cz/mzk/uuid/uuid:ff392430-a057-11e2-9a9f-005056827e51  |y Digitalizovaný dokument  |x NDK 
910 |a BOA001  |b 3-0304.357  |b PK-0004.521 
920 |a 000796805 
990 |a BK 
991 |b 202005 
996 7 |b 2618883548  |c 3-0304.357  |l MZK  |r Sklad / do 1 hodiny  |n 0  |w 001803198  |u 000010  |a 1  |e BOA001  |j MZK50  |s A 
996 6 |b 2618883549  |c 3-0304.357  |l MZK  |r Sklad / do 1 hodiny  |n 0  |w 001803198  |u 000020  |a 1  |e BOA001  |j MZK50  |s P 
996 7 |b 3119677303  |c PK-0004.521  |l MZK  |r Sklad / do 1 hodiny  |n 1  |w 001803198  |u 000030  |a 1  |e BOA001  |j MZK50  |s A